000 00270nam a2200097Ia 4500
008 200302s9999 xx 000 0 und d
100 _aLucien Steil
245 _aTradition & Architecture Palaces Public Buildings & House
260 _bThe Architectural Press
300 _a80 P.,
999 _c768
_d768